<?xml version="1.0" encoding="UTF-8"?>
<collection xmlns="http://www.loc.gov/MARC21/slim">
 <record>
  <leader>00822nam a2200265   4500</leader>
  <controlfield tag="001">DLU140161616</controlfield>
  <controlfield tag="005">##20140424</controlfield>
  <datafield tag="040" ind1="#" ind2="#">
   <subfield code="a">DLU</subfield>
   <subfield code="b">vie</subfield>
  </datafield>
  <datafield tag="041" ind1="#" ind2="#">
   <subfield code="a">vie</subfield>
  </datafield>
  <datafield tag="044" ind1="#" ind2="#">
   <subfield code="a">vn</subfield>
  </datafield>
  <datafield tag="100" ind1="#" ind2="#">
   <subfield code="a">Phạm Thị Bền, </subfield>
   <subfield code="c">ThS.</subfield>
  </datafield>
  <datafield tag="245" ind1="#" ind2="#">
   <subfield code="a">Sử dụng tiếng Anh lẫn vào tiếng Việt: Cảm nhận từ một cuộc khảo sát các bài báo /</subfield>
   <subfield code="c">Phạm Thị Bền, Phạm Thị Hằng.</subfield>
  </datafield>
  <datafield tag="653" ind1="#" ind2="#">
   <subfield code="a">Chuẩn hóa</subfield>
  </datafield>
  <datafield tag="653" ind1="#" ind2="#">
   <subfield code="a">Ngôn ngữ báo chí</subfield>
  </datafield>
  <datafield tag="653" ind1="#" ind2="#">
   <subfield code="a">Ngoại ngữ</subfield>
  </datafield>
  <datafield tag="773" ind1="#" ind2="#">
   <subfield code="t">Ngôn ngữ</subfield>
   <subfield code="g">Số 3(262), 2011, tr. 37-42</subfield>
  </datafield>
  <datafield tag="920" ind1="#" ind2="#">
   <subfield code="a">Phòng Tạp chí -- Trung tâm Thông tin - Thư viện Trường Đại học Đà Lạt</subfield>
  </datafield>
  <datafield tag="994" ind1="#" ind2="#">
   <subfield code="a">DLU</subfield>
  </datafield>
  <datafield tag="900" ind1="#" ind2="#">
   <subfield code="a">True</subfield>
  </datafield>
  <datafield tag="911" ind1="#" ind2="#">
   <subfield code="a">Hoàng Thị Huyền</subfield>
  </datafield>
  <datafield tag="925" ind1="#" ind2="#">
   <subfield code="a">G</subfield>
  </datafield>
  <datafield tag="926" ind1="#" ind2="#">
   <subfield code="a">A</subfield>
  </datafield>
  <datafield tag="927" ind1="#" ind2="#">
   <subfield code="a">BB</subfield>
  </datafield>
  <datafield tag="980" ind1="#" ind2="#">
   <subfield code="a">Thư viện Trường Đại học Đà Lạt</subfield>
  </datafield>
 </record>
</collection>
<br />
<b>Notice</b>:  fwrite(): write of 435 bytes failed with errno=28 No space left on device in <b>C:\vufind\module\VuFind\src\VuFind\Session\File.php</b> on line <b>152</b><br />
Cannot write session to C:\Windows\TEMP\vufind_sessions/sess_74vcfanlddmucnjk2gjb2fe2mf
<br />
<b>Warning</b>:  session_write_close(): Failed to write session data using user defined save handler. (session.save_path: \xampp\tmp) in <b>C:\vufind\vendor\laminas\laminas-session\src\SessionManager.php</b> on line <b>235</b><br />
